| 000 | 00408nam a22001577a 4500 | ||
|---|---|---|---|
| 003 | OSt | ||
| 005 | 20260309170843.0 | ||
| 008 | 260309b |||||||| |||| 00| 0 eng d | ||
| 040 | _cFLL | ||
| 041 |
_aENG _dENG |
||
| 100 |
_aNIGAM, ADITYA _91109570 |
||
| 245 |
_aDECOLONIZING THEORY _bTHINKING ACROSS TRADITION |
||
| 260 |
_aNEW DELHI _bBLOOMSNBURY PUBLICATION _c2025 |
||
| 300 | _a275 | ||
| 942 |
_2CC _cTB _n0 |
||
| 999 |
_c1715003 _d1715003 |
||